Informe final primera fase de consulta: principios, conceptos, objetivos, componentes y acciones prioritarias de la política pública y la estrategia nacional de biodiversidad (Registro nro. 9231)

Detalles MARC
000 -CABECERA
Campo de control 006110000a22001570004500
090 ## - CLASIFICACIÓN LOCAL
Colección AR
Consecutivo 00130
041 0# - IDIOMA
Código de idioma para texto/pista de sonido o título separado
110 1# - ASIENTO PRINCIPAL--NOMBRE CORPORATIVO
Nombre corporativo o de jurisdicción como elemento de entrada Comité Técnico Asesor Estrategia Nacional de Biodiversidad
245 10 - MENCION DE TITULO
Título Informe final primera fase de consulta: principios, conceptos, objetivos, componentes y acciones prioritarias de la política pública y la estrategia nacional de biodiversidad
650 14 - ASIENTO SECUNDARIO DE MATERIA - TERMINO TEMATICO
Término temático o nombre geográfico como elemento de entrada Biodiversidad
650 14 - ASIENTO SECUNDARIO DE MATERIA - TERMINO TEMATICO
Término temático o nombre geográfico como elemento de entrada Políticas ambientales
651 #4 - ASIENTO SECUNDARIO DE MATERIA - NOMBRE GEOGRAFICO
-- Colombia
650 14 - ASIENTO SECUNDARIO DE MATERIA - TERMINO TEMATICO
Término temático o nombre geográfico como elemento de entrada Política de investigación
773 1# - Item fuente:
Título Preprint
Especificación de materiales 3
Paginas del Articulo 1-25
Lugar, editorial y fecha de publicación 1994
942 ## - ELEMENTOS ADICIONALES (KOHA)
Tipo de ítem Artículo
Existencias
Withdrawn status Lost status Sistema de Clasificación Damaged status No para préstamo Colección Ubicación Permanente Ubicación actual Fecha de adquisición Fuente de Valor Total Checkouts Número topográfico Inventario / Código de Barras Date last seen Ejemplar Price effective from Tipo de material
    Dewey Decimal Classification   No para Préstamo Hemeroteca Bogotá Bogotá 27/02/2015 CID Humboldt   AR 00130 Fuera de circulación 010362 25/03/2015 1 25/03/2015 Artículo